000 01019nam a2200265 i 4500
001 8210
003 KOSZ 005
005 20200127090616.0
008 080618s1961 pl a f f 000 0 pol
015 _aPB 1961/6838
040 _aWA N
_cKOSZ 005/RW
_dKOSZ 005/RW
080 _a669
080 _a(075)
100 1 _aOkoniewski, Stefan
_d(1914-2004)
_eAutor
245 1 0 _aStopy techniczne /
_cStefan Okoniewski.
260 _aWarszawa :
_bPaństwowe Wydawnictwo Szkolnictwa Zawodowego,
_c1961.
300 _a211, [1] s., [7] k. tabl. :
_bil. ;
_c25 cm.
380 _aKsiążki
521 8 _aZatwierdz. przez Min. Oświaty dla techników mechanicznych, specjalność obróbka cieplna, kl. 5.
650 4 _aStopy (metalurg.)
_xtechnologia.
655 4 _aPodręczniki dla szkół zawodowych
710 2 _aPaństwowe Wydawnictwo Szkolnictwa Zawodowego
_4pbl.
856 _uhttp://koha.tu.koszalin.pl/cgi-bin/koha/opac-detail.pl?biblionumber=8210
_yKatalog online BPK
942 _2UKD
_cKS
999 _c8210
_d8210